[Event "Begginer"]
[Site "http://www.queenalice.com/game.php?id=254071"]
[Date "2007.8.11"]
[Round "-"]
[White "nutella"]
[Black "sephiroth"]
[Result "0-1"]
[WhiteElo "1500"]
[BlackElo "1413"]

1. d4 e6 2. Nf3 Nf6 3. Nc3 g6 4. Bg5 Bg7 5. e4 h6 6. Bf4 Nh5 7. Be5 d6 8. Bg3
Nxg3 9. hxg3 b6 10. Bb5+ Bd7 11. e5 a6 12. Bxd7+ Qxd7 13. d5 O-O 0-1

[Event "Challenge"]
[Site "http://www.queenalice.com/game.php?id=254666"]
[Date "2007.8.12"]
[Round "-"]
[White "nutella"]
[Black "danniel"]
[Result "0-1"]
[WhiteElo "1445"]
[BlackElo "1635"]

1. e4 e6 2. d4 a6 3. Nf3 Nc6 4. Nc3 Bb4 5. Bc4 Bxc3+ 6. bxc3 h6 7. g3 Nf6 8. Ba3
b5 9. Bd3 e5 10. d5 Ne7 11. Nxe5 d6 12. Nxf7 Kxf7 13. Qf3 Bg4 0-1

[Event "Challenge"]
[Site "http://www.queenalice.com/game.php?id=254911"]
[Date "2007.8.13"]
[Round "-"]
[White "cardi"]
[Black "nutella"]
[Result "1-0"]
[WhiteElo "1971"]
[BlackElo "1445"]

1. e4 c5 2. Nf3 e6 3. d4 cxd4 4. Nxd4 Nc6 5. Be3 Nf6 6. Nxc6 bxc6 7. Bd3 Qa5+ 8.
Nd2 g6 9. O-O Bg7 10. Nc4 Qb4 11. e5 O-O 12. exf6 Bxf6 13. c3 1-0

[Event "Challenge"]
[Site "http://www.queenalice.com/game.php?id=256195"]
[Date "2007.8.15"]
[Round "-"]
[White "af_4b"]
[Black "nutella"]
[Result "0-1"]
[WhiteElo "1422"]
[BlackElo "1257"]

1. e4 c5 2. Bc4 e6 3. Qh5 Nf6 4. Qe5 Nc6 5. Qg3 Nd4 6. Qd3 d5 7. Bb5+ Bd7 8.
exd5 Bxb5 9. Qxb5+ Nxb5 10. dxe6 fxe6 11. Nf3 Nd4 12. Nxd4 Qxd4 13. c3 Qe4+ 14.
Kf1 Qf4 15. g3 Qf3 16. Rg1 Ne4 17. Ke1 Qxf2+ 18. Kd1 Qxg1+ 19. Kc2 O-O-O 20. d3
Qf2+ 21. Nd2 Nxd2 22. Bxd2 Qxh2 23. d4 cxd4 24. c4 d3+ 25. Kc3 Bc5 26. Re1 Rhe8
27. b4 Bd4+ 28. Kxd3 Qxg3+ 29. Kc2 Bf6 30. Be3 Qe5 31. Bd2 Qb2+ 32. Kd1 Qxd2#
0-1

[Event "Challenge"]
[Site "http://www.queenalice.com/game.php?id=678359"]
[Date "2009.11.5"]
[Round "-"]
[White "annalay"]
[Black "nutella"]
[Result "1-0"]
[WhiteElo "1194"]
[BlackElo "1403"]

1. e4 e5 2. Nf3 Nf6 3. d3 Nc6 4. Nc3 Ng4 5. Bg5 f6 6. Bh4 Bb4 7. a3 Bxc3+ 8.
bxc3 d6 9. h3 Nh6 10. d4 exd4 11. cxd4 O-O 12. Bc4+ Nf7 13. e5 dxe5 14. d5 Na5
15. Ba2 b6 16. O-O c5 17. dxc6 1-0

[Event "AUTO-INT-1505"]
[Site "http://www.queenalice.com/game.php?id=678389"]
[Date "2009.11.5"]
[Round "1"]
[White "porkrat"]
[Black "nutella"]
[Result "0-1"]
[WhiteElo "1489"]
[BlackElo "1367"]

1. e4 e5 2. Qh5 Nf6 3. Qxe5+ Be7 4. b3 Nc6 5. Qg3 d5 6. Qxg7 Rf8 7. d3 dxe4 8.
dxe4 Nxe4 9. Qxh7 Qd4 10. Be3 Qd5 11. f3 Ng5 12. Qh5 Bf5 13. Bxg5 Bxc2 14. Nc3
Qxg5 15. g4 Rd8 16. Ne4 Qd5 17. Qxd5 Rxd5 18. Be2 f5 19. Nc3 Bb4 20. Kf2 Bxc3
21. Rc1 Rd2 22. Nh3 Nd4 23. Nf4 fxg4 24. fxg4 Rxf4+ 25. Kg3 Nxe2+ 26. Kh4 Nxc1
27. h3 Nxa2 28. Kg5 Be5 29. Re1 Rd5 30. h4 Kd7 31. h5 c5 32. h6 Rf7 33. Kh4 Bxb3
34. Rb1 Bc4 35. Rxb7+ Ke6 36. Rxf7 Kxf7 37. h7 Bf6+ 38. Kg3 Nc3 39. Kf4 Be2 40.
Ke3 Bxg4 41. Kf4 Be6 42. Kf3 c4 43. Ke3 Nb5 44. Kf4 c3 45. h8=Q Bxh8 0-1

[Event "AUTO-INT-1505"]
[Site "http://www.queenalice.com/game.php?id=678390"]
[Date "2009.11.5"]
[Round "1"]
[White "nutella"]
[Black "porkrat"]
[Result "1-0"]
[WhiteElo "1302"]
[BlackElo "1453"]

1. e4 Nf6 2. e5 Ne4 3. Qf3 Ng5 4. Qf4 e6 5. d4 c6 6. Nc3 Bb4 7. Bd2 Bxc3 8. Bxc3
O-O 9. Nf3 Nxf3+ 10. Qxf3 d5 11. exd6 Qxd6 12. Bd3 g6 13. h4 h5 14. O-O-O b5 15.
a3 a5 16. d5 cxd5 17. Qf6 d4 18. Be4 Ra7 19. Bxd4 Qe5 20. Bxe5 Nd7 21. Qg7# 1-0

[Event "AUTO-INT-1505"]
[Site "http://www.queenalice.com/game.php?id=678411"]
[Date "2009.11.5"]
[Round "1"]
[White "Andre_Mendes"]
[Black "nutella"]
[Result "1-0"]
[WhiteElo "1671"]
[BlackElo "1303"]

1. e4 e5 2. Nf3 Nc6 3. Bb5 Nf6 4. Bxc6 dxc6 5. d3 Bg4 6. O-O h5 7. Bg5 Be7 8.
Nbd2 g6 9. h3 Bxf3 10. Qxf3 O-O 11. Nc4 Bc5 12. Bxf6 Qd4 13. Bxe5 Qd7 14. Qf6
Kh7 15. Qg7# 1-0

[Event "AUTO-INT-1505"]
[Site "http://www.queenalice.com/game.php?id=678412"]
[Date "2009.11.5"]
[Round "1"]
[White "nutella"]
[Black "Andre_Mendes"]
[Result "0-1"]
[WhiteElo "1380"]
[BlackElo "1666"]

1. e4 e5 2. Nf3 d6 3. d4 exd4 4. Nxd4 c5 5. Nf5 Bxf5 6. exf5 Nf6 7. Nc3 Qd7 8.
Bb5 Nc6 9. Qe2+ Be7 10. Bg5 O-O 11. O-O-O Qxf5 12. h4 Nd4 13. Qxe7 Qxc2# 0-1

[Event "AUTO-BEG-362"]
[Site "http://www.queenalice.com/game.php?id=692849"]
[Date "2009.12.4"]
[Round "1"]
[White "nutella"]
[Black "lucianochips"]
[Result "1-0"]
[WhiteElo "1406"]
[BlackElo "1224"]

1. e3 e6 2. g3 d6 3. Bg2 Be7 4. b3 Bd7 5. Bxb7 Nc6 6. Bxa8 Qxa8 7. Qf3 Nf6 8.
Bb2 Ne5 9. Qxa8+ Bd8 10. Nc3 Nc4 11. bxc4 g5 12. Nf3 Nh5 13. Nb5 c6 14. Nxd6+
Ke7 15. Bxh8 Kxd6 16. Qxd8 f5 17. d4 c5 18. Be5+ Kc6 19. Qc7# 1-0

[Event "AUTO-BEG-362"]
[Site "http://www.queenalice.com/game.php?id=692850"]
[Date "2009.12.4"]
[Round "1"]
[White "lucianochips"]
[Black "nutella"]
[Result "0-1"]
[WhiteElo "1226"]
[BlackElo "1437"]

1. e3 f6 2. d3 e6 3. Be2 b6 4. Bd2 Bb7 5. Nf3 g5 6. Nc3 d5 7. a4 Bg7 8. Nd4 Nh6
9. Ncb5 Nc6 10. Nxe6 Qe7 11. Nexc7+ Kf7 12. Nxd5 Qc5 13. Ndc3 Nb4 14. Bh5+ Ke7
15. d4 Qf5 16. e4 Qe6 17. d5 Qe5 18. b3 a6 19. Na3 Nxd5 20. f3 Rhd8 21. Nxd5+
Rxd5 22. Nc4 Qe6 23. Nxb6 Rad8 24. Nxd5+ Rxd5 25. c3 f5 26. c4 Rd3 27. O-O Bd4+
28. Kh1 Qd6 29. Rc1 g4 30. Bxh6 Rxd1 31. Rcxd1 Qxh6 32. Rxd4 Qxh5 33. exf5 g3
34. Re1+ Kf6 35. h3 Qxf5 36. Rg4 Bxf3 37. Rf1 Ke5 38. Rxf3 Qb1+ 39. Rf1 Qxf1#
0-1

[Event "AUTO-BEG-362"]
[Site "http://www.queenalice.com/game.php?id=692851"]
[Date "2009.12.4"]
[Round "1"]
[White "nutella"]
[Black "mrjoe"]
[Result "1/2-1/2"]
[WhiteElo "1446"]
[BlackElo "1648"]

1. e3 c5 2. b3 Nc6 3. g3 g6 4. Bb2 Nf6 5. d4 Bg7 6. dxc5 Qa5+ 7. Nc3 Qxc5 8. Bg2
O-O 9. Nf3 Ng4 10. O-O Bxc3 11. Rb1 Rd8 12. Bxc3 Qxc3 13. h3 Nge5 14. Nxe5 Nxe5
15. f4 Qxe3+ 16. Rf2 Nc6 17. b4 d6 18. Rb3 Qd4 19. Qe2 Be6 20. c3 Qf6 21. f5
Bxb3 22. fxg6 Qxg6 23. Be4 Qe6 24. axb3 Qxb3 25. Qh5 Kf8 26. Bd5 Qb1+ 27. Rf1
Qg6 28. Qf3 Ne5 29. Qe3 Rab8 30. Kg2 Qd3 31. Qh6+ Ke8 32. c4 Nxc4 33. Bxf7+ Kd7
34. Qe6+ Kc6 35. Qxc4+ Qxc4 36. Bxc4 b5 37. Bd3 Kb6 38. Bxh7 a5 39. bxa5+ Kxa5
40. h4 Rbc8 41. g4 Rc3 42. h5 Rh8 43. Rf7 e5 44. g5 Kb6 45. h6 Rc7 46. g6 Rxf7
47. gxf7 Rf8 48. Bg6 Kc7 49. h7 Kd7 50. Kg3 Ke7 51. Kg4 Kf6 52. Kh5 d5 53. Kh6
e4 54. Bf5 e3 55. Bd3 Kxf7 56. Bxb5 Kf6 57. Bd3 Ke5 58. Kg7 Ra8 59. h8=Q Rxh8
60. Kxh8 Kd4 61. Ba6 Ke4 62. Kg7 Kd4 63. Kg6 Kc3 64. Kf5 Kd4 65. Kf4 Kc3 1/2-1/2

[Event "AUTO-BEG-362"]
[Site "http://www.queenalice.com/game.php?id=692852"]
[Date "2009.12.4"]
[Round "1"]
[White "mrjoe"]
[Black "nutella"]
[Result "0-1"]
[WhiteElo "1590"]
[BlackElo "1410"]

1. e4 e6 2. Nf3 g6 3. b3 Bg7 4. d4 d5 5. exd5 exd5 6. Bb2 Nc6 7. Bb5 Bd7 8. O-O
Nf6 9. Nbd2 a6 10. Bxc6 Bxc6 11. Re1+ Ne4 12. Nxe4 dxe4 13. Ne5 O-O 14. Qd2 Bxe5
15. Re2 Bf6 16. Rae1 Qd5 17. Rxe4 Bg5 18. f4 Bf6 19. c4 Qf5 20. d5 Rad8 21. Qe2
Bxb2 22. dxc6 Qc5+ 23. Kf1 Bc3 24. Rc1 Rd2 25. Qe3 Qxe3 26. Rxe3 Bd4 27. Re7
bxc6 28. a4 Bb6 29. c5 Ba5 30. Rc4 Rb8 31. Rce4 Rxb3 32. h3 Rd1+ 33. Re1 Bxe1
34. Rxe1 Rbb1 35. Rxd1 Rxd1+ 36. Kf2 Rd4 37. Ke3 Rxa4 38. h4 Rc4 39. g4 a5 0-1

[Event "AUTO-BEG-362"]
[Site "http://www.queenalice.com/game.php?id=692853"]
[Date "2009.12.4"]
[Round "1"]
[White "nutella"]
[Black "XXX"]
[Result "0-1"]
[WhiteElo "1419"]
[BlackElo "1585"]

1. e3 e5 2. g3 d5 3. Bg2 e4 4. f3 Nf6 5. b3 Bf5 6. d3 exd3 7. cxd3 Nc6 8. e4
dxe4 9. fxe4 Bg4 10. Ne2 Nd4 11. Bf1 Bb4+ 12. Nd2 Qd7 13. Bg2 Bxe2 14. Qxe2 Nxe2
15. Kxe2 O-O 0-1

[Event "AUTO-BEG-362"]
[Site "http://www.queenalice.com/game.php?id=692854"]
[Date "2009.12.4"]
[Round "1"]
[White "XXX"]
[Black "nutella"]
[Result "1-0"]
[WhiteElo "1668"]
[BlackElo "1418"]

1. e4 e6 2. Nf3 g6 3. d4 b6 4. a3 Bb7 5. Nc3 Bg7 6. Bf4 d5 7. e5 Nh6 8. Nb5 c6
9. Nd6+ Kf8 10. Nxb7 Qc7 11. Nd6 b5 12. Qd2 Na6 13. Bxh6 Rg8 14. Bd3 f5 15. O-O
c5 16. Nxb5 Qb6 17. dxc5 Qxc5 18. b4 Qc6 19. Nfd4 1-0